Internacionalizácia vysokého školstva

Bibliographic Details
Main Author: Čikešová, Mária (Author)
Format: Article
Language:Slovak
ISSN:1335-5864
Subjects:

MARC

LEADER 00000nab a2200000 a 4500
001 vtls001496907
003 SK-MaSNL
005 20260304144034.0
008 250505c2004 xo |r|p||| |000 b|slo
015 |a SNBRB2005/02 
035 |a (uuid)52fdf9cd-1c60-46fc-b411-59fd2a0e4400 
035 |a urn:nbn:sk:snk-ab1hsy 
035 |a (urnnbn)urn:nbn:sk:snk:ar-003ul9 
038 |a SPK 
040 |a SNKBUCL  |b slo  |c SNKBUCL  |e AACR2 
041 0 |a slo 
044 |a xo  |c SK 
080 |a 378(100)  |2 1997 
100 1 |a Čikešová, Mária  |4 aut  |9 268194 
245 1 0 |a Internacionalizácia vysokého školstva  |c Mária Čikešová 
650 0 7 |a vysoké školstvo  |2 spk  |9 550930 
650 0 7 |a internacionalizmus  |2 spk  |9 27584 
773 0 |t Academia  |g Roč. XV, č. 3 (2004), s. 60-61  |x 1335-5864 
850 |a Slovenská národná knižnica 
852 |a Slovenská národná knižnica 
954 |a odborná, vedecká literatúra pôvodná (slovenská)  |2 lita 
958 |a article 
958 |a OND 
999 |c 2929004  |d 2930934